Continued fractions : from analytic number theory to constructive approximation : a volume in honor of L. J. Lange : Continued fractions, from analytic number theory to constructive approximation, May 20-23, 1998, University of Missouri-Columbia /

Guardado en:
Otros Autores: Berndt, Bruce C., 1939- (Editor ), Gesztesy, Fritz, 1953- (Editor ), Lange, L. J. 1928-
Formato: Libro
Idioma:English
Publicado: Providence, RI : American Mathematical Society, c1999.
Series:Contemporary mathematics (American Mathematical Society) ; v. 236.
Etiquetas: Agregar Etiqueta
Sin Etiquetas, Sea el primero en etiquetar este registro!
LEADER 01054nam a22002175a 4500
001 MAT.inmabb000252
008 990415s1999####riu######b####100#0#eng##
005 20160810171031.0
245 0 0 |a Continued fractions :  |b from analytic number theory to constructive approximation : a volume in honor of L. J. Lange : Continued fractions, from analytic number theory to constructive approximation, May 20-23, 1998, University of Missouri-Columbia /  |c Bruce C. Berndt, Fritz Gesztesy, editors. 
260 |a Providence, RI :  |b American Mathematical Society,  |c c1999. 
300 |a xviii, 379 p. ;  |c 26 cm. 
490 1 |a Contemporary mathematics,  |x 0271-4132 ;  |v 236 
504 |a Includes bibliographical references. 
510 4 |a MR,  |c 2000d:00018 
020 |a 0821812009 
700 1 |a Berndt, Bruce C.,  |d 1939-  |4 edt 
700 1 |a Gesztesy, Fritz,  |d 1953-  |4 edt 
700 1 |a Lange, L. J.  |q (Leo Jerome),  |d 1928- 
830 0 |a Contemporary mathematics (American Mathematical Society) ;  |v v. 236. 
084 |a 00B30 (00B25 11-06 41-06)  |2 msc2000 
859 |i C762  |p A-7991  |b BIB. MATEMATICA